| 000 | 00528nam a22001817a 4500 | ||
|---|---|---|---|
| 003 | 0 | ||
| 005 | 20240111081840.0 | ||
| 008 | 240111b xxu||||| |||| 00| 0 eng d | ||
| 020 | _a9780545103558 | ||
| 050 |
_aER _bKn67 2008 |
||
| 082 |
_aER _bKn67 2008 |
||
| 100 | _aWillems, Mo | ||
| 245 |
_aKnuffle bunny too : a case of mistaken identity _cMo Willems |
||
| 260 |
_aNew York _bScholastic, Inc. _cc2008. |
||
| 300 |
_aunnumbered pages : _bcolored illustrations ; _c24cm. |
||
| 650 | _aChildrens stories. | ||
| 942 |
_2ddc _cBK |
||
| 999 |
_c365840 _d365840 |
||